<?xml version="1.0" encoding="UTF-8"?>
<record
    xmlns:xsi="http://www.w3.org/2001/XMLSchema-instance"
    xsi:schemaLocation="http://www.loc.gov/MARC21/slim http://www.loc.gov/standards/marcxml/schema/MARC21slim.xsd"
    xmlns="http://www.loc.gov/MARC21/slim">

  <leader>01623nam a2200277   4500</leader>
  <controlfield tag="001">113650</controlfield>
  <controlfield tag="003">DR-UNIBE</controlfield>
  <controlfield tag="005">20250904141726.0</controlfield>
  <controlfield tag="008">250519b2004    dr ||||| |||| 00| 0 spa d</controlfield>
  <datafield tag="040" ind1=" " ind2=" ">
    <subfield code="a">BIBLIOTECA UNIBE</subfield>
    <subfield code="b">spa</subfield>
    <subfield code="c">BIBLIOTECA UNIBE</subfield>
  </datafield>
  <datafield tag="041" ind1=" " ind2=" ">
    <subfield code="a">spa</subfield>
  </datafield>
  <datafield tag="082" ind1=" " ind2=" ">
    <subfield code="2">22</subfield>
    <subfield code="a">RD 345 M386a</subfield>
  </datafield>
  <datafield tag="100" ind1="1" ind2=" ">
    <subfield code="a">Mart&#xED;nez, Modesto </subfield>
    <subfield code="q">(Mart&#xED;nez Mej&#xED;a, Modesto Antonio),</subfield>
    <subfield code="d">1961-</subfield>
    <subfield code="e">autor</subfield>
    <subfield code="9">195657</subfield>
  </datafield>
  <datafield tag="245" ind1="1" ind2="3">
    <subfield code="a">El abogado penalista en materia criminal /</subfield>
    <subfield code="c">Modesto Mart&#xED;nez</subfield>
  </datafield>
  <datafield tag="260" ind1=" " ind2=" ">
    <subfield code="a">Santo Domingo :</subfield>
    <subfield code="b">[Editor no identificado],</subfield>
    <subfield code="c">2004</subfield>
  </datafield>
  <datafield tag="300" ind1=" " ind2=" ">
    <subfield code="a">lxxiii, 809 p&#xE1;ginas ;</subfield>
    <subfield code="c">23 cm</subfield>
  </datafield>
  <datafield tag="504" ind1=" " ind2=" ">
    <subfield code="a">Incluye referencias bibliogr&#xE1;ficas (p&#xE1;ginas: 805-809) e &#xED;ndice</subfield>
  </datafield>
  <datafield tag="505" ind1="0" ind2=" ">
    <subfield code="a">Dedicatoria |
Presentaci&#xF3;n |
Pr&#xF3;logo |
Agradecimientos |
Introducci&#xF3;n |
Cap&#xED;tulo I. Generalidades |
Cap&#xED;tulo II. La polic&#xED;a judicial y el inicio del proceso |
Cap&#xED;tulo III. La jurisdicci&#xF3;n de instrucci&#xF3;n |
Cap&#xED;tulo IV. La c&#xE1;mara de calificaci&#xF3;n |
Cap&#xED;tulo V. Juicio en primer grado |
Cap&#xED;tulo VI. Recurso de apelaci&#xF3;n o juicio en segundo grado |
Cap&#xED;tulo VII. El recurso de casaci&#xF3;n |
Cap&#xED;tulo VIII. La ejecuci&#xF3;n de la sentencia |
Cap&#xED;tulo IX. Frases, m&#xE1;ximas y principios que debe saber todo abogado penalista |
Bibliograf&#xED;a
</subfield>
  </datafield>
  <datafield tag="650" ind1=" " ind2="7">
    <subfield code="2">lemb</subfield>
    <subfield code="a">Derecho penal</subfield>
    <subfield code="z">Rep&#xFA;blica Dominicana</subfield>
    <subfield code="9">15664</subfield>
  </datafield>
  <datafield tag="650" ind1=" " ind2="7">
    <subfield code="2">lemb</subfield>
    <subfield code="a">Procedimiento penal</subfield>
    <subfield code="z">Rep&#xFA;blica Dominicana</subfield>
    <subfield code="9">15663</subfield>
  </datafield>
  <datafield tag="650" ind1=" " ind2="7">
    <subfield code="2">lemb</subfield>
    <subfield code="a">Abogados</subfield>
  </datafield>
  <datafield tag="700" ind1="1" ind2=" ">
    <subfield code="a">Moreno, Guillermo</subfield>
    <subfield code="e">presentaci&#xF3;n</subfield>
    <subfield code="9">17588</subfield>
  </datafield>
  <datafield tag="700" ind1=" " ind2=" ">
    <subfield code="a">Pina Acevedo Mart&#xED;nez, Ram&#xF3;n, </subfield>
    <subfield code="d">1922-2018</subfield>
    <subfield code="e">prologuista</subfield>
    <subfield code="9">154667</subfield>
  </datafield>
  <datafield tag="700" ind1="1" ind2=" ">
    <subfield code="a">Jim&#xE9;nez D&#xED;az, Carlos</subfield>
    <subfield code="e">corrector</subfield>
    <subfield code="9">195656</subfield>
  </datafield>
  <datafield tag="942" ind1=" " ind2=" ">
    <subfield code="2">ddc</subfield>
    <subfield code="c">BK</subfield>
  </datafield>
  <datafield tag="999" ind1=" " ind2=" ">
    <subfield code="c">113650</subfield>
    <subfield code="d">113650</subfield>
  </datafield>
  <datafield tag="952" ind1=" " ind2=" ">
    <subfield code="0">0</subfield>
    <subfield code="1">0</subfield>
    <subfield code="2">ddc</subfield>
    <subfield code="7">0</subfield>
    <subfield code="8">GEN-RD</subfield>
    <subfield code="a">Principal</subfield>
    <subfield code="d">2025-03-19</subfield>
    <subfield code="l">0</subfield>
    <subfield code="o">RD 345 M386a</subfield>
    <subfield code="p">250539</subfield>
    <subfield code="r">2025-05-19 14:31:48</subfield>
    <subfield code="t">Ej. 1</subfield>
    <subfield code="w">2025-05-19</subfield>
    <subfield code="y">BK</subfield>
  </datafield>
</record>
